00531cam a22002291 4500001001300000003000400013005001700017008004100034010001700075025001900092035002000111040002100131042001200152050001900164100002500183245002100208260001100229300001500240500001600255500001300271999001700284sa 64003486 DLC20260227112018.0940517m19619999ii 000 1 beno  asa 64003486  aPL480:EP-B-228 a(OCoLC)30451198 aDLCcCUdCUdDLC apremarc00aPK1718.A15bM50 aAbul Hasanat,d1905-10aMilana sam̀£gha. c[1961- av.c19 cm. aIn Bengali. aA novel. c57968d57968